[Event "Hofheim Spring op-B 6th"]
[Site "Hofheim"]
[Date "2018.04.07"]
[Round "8"]
[White "Roessler, Jens Hagen"]
[Black "Dyga, Ryszard Adam"]
[Result "1/2-1/2"]
[WhiteElo "1585"]
[BlackElo "1527"]
[PlyCount "26"]
[EventDate "2018.04.03"]
[EventType "swiss"]
[EventRounds "9"]
[EventCountry "GER"]
[SourceTitle "EXT 2020"]
[Source "ChessBase"]
[SourceDate "2019.10.17"]
[SourceVersion "1"]
[SourceVersionDate "2019.10.17"]
[SourceQuality "1"]

1. d4 d5 2. c4 e6 3. Nf3 Nf6 4. Bg5 Nbd7 5. e3 c6 6. Nc3 Qa5 7. a3 dxc4 8. Bxc4 b5 9. Bd3 Nd5 10. Qd2 Nxc3 11. bxc3 Bd6 12. 0-0 Qc7 13. Bf4 Bxf4 1/2-1/2

[Event "Hofheim Spring op-B 5th"]
[Site "Hofheim"]
[Date "2017.04.08"]
[Round "3"]
[White "Arnold, Michael"]
[Black "Dyga, Ryszard Adam"]
[Result "1/2-1/2"]
[WhiteElo "1764"]
[BlackElo "1512"]
[PlyCount "51"]
[EventDate "2017.04.07"]
[EventType "swiss"]
[EventRounds "9"]
[EventCountry "GER"]
[SourceTitle "CBM 178 Extra"]
[Source "ChessBase"]
[SourceDate "2017.06.22"]
[SourceVersion "1"]
[SourceVersionDate "2017.06.22"]
[SourceQuality "1"]

1. d4 e6 2. Nf3 Nf6 3. e3 b6 4. Bd3 Bb7 5. Nbd2 d5 6. c3 Bd6 7. Qc2 h6 8. e4 dxe4 9. Nxe4 Nxe4 10. Bxe4 Bxe4 11. Qxe4 Nd7 12. 0-0 0-0 13. Re1 Nf6 14. Qc2 Nd5 15. Be3 f5 16. Rad1 Qf6 17. Ne5 Nxe3 18. Rxe3 Rad8 19. f4 c5 20. Re2 cxd4 21. cxd4 Bb8 22. Qb3 Rd5 23. Qa4 b5 24. Qc2 Bxe5 25. Rxe5 Rfd8 26. Qc3 1/2-1/2

[Event "GER-chB Seniors 28th"]
[Site "Niederhausen"]
[Date "2016.08.20"]
[Round "8"]
[White "Malik, Rosemarie"]
[Black "Dyga, Ryszard Adam"]
[Result "1-0"]
[WhiteElo "1652"]
[BlackElo "1549"]
[PlyCount "97"]
[EventDate "2016.08.13"]
[EventType "swiss"]
[EventRounds "9"]
[EventCountry "GER"]
[SourceTitle "EXT 2019"]
[Source "ChessBase"]
[SourceDate "2018.10.10"]
[SourceVersion "1"]
[SourceVersionDate "2018.10.10"]
[SourceQuality "1"]

1. e4 e5 2. Nf3 Nc6 3. Bb5 Nf6 4. d3 d5 5. Bxc6+ bxc6 6. exd5 cxd5 7. 0-0 Bd6 8. Nbd2 0-0 9. Re1 Re8 10. h3 h6 11. a3 Bf5 12. b4 Nd7 13. Bb2 c6 14. Nf1 Bg6 15. Qd2 d4 16. c3 c5 17. cxd4 cxd4 18. Ng3 f5 19. Rac1 Rc8 20. Ba1 Nb6 21. Rxc8 Nxc8 22. Qa2+ Bf7 23. Qb2 Qf6 24. Nd2 Nb6 25. Qc2 Rc8 26. Qd1 Nd5 27. Ne2 Nc3 28. Nxc3 dxc3 29. Nc4 Bxc4 30. dxc4 Rxc4 31. Qb3 Qf7 32. Rc1 Rc7 33. Qxf7+ Kxf7 34. Rxc3 Ke6 35. Rxc7 Bxc7 36. f3 Kd5 37. Kf2 Kc4 38. f4 Bb6+ 39. Ke2 Bd4 40. Bxd4 exd4 41. Kd2 a5 42. bxa5 Kb5 43. a6 Kxa6 44. Kd3 Ka5 45. Kxd4 Ka4 46. Ke5 Kxa3 47. Kxf5 Kb4 48. Kg6 Kc5 49. Kxg7 1-0

[Event "Hofheim Spring op-B 4th"]
[Site "Hofheim"]
[Date "2016.03.31"]
[Round "5"]
[White "Schwichtenberg, Juergen"]
[Black "Dyga, Ryszard Adam"]
[Result "1/2-1/2"]
[WhiteElo "1774"]
[BlackElo "1568"]
[PlyCount "57"]
[EventDate "2016.03.30"]
[EventType "swiss"]
[EventRounds "9"]
[EventCountry "GER"]
[SourceTitle "EXT 2018"]
[Source "ChessBase"]
[SourceDate "2017.10.13"]
[SourceVersion "1"]
[SourceVersionDate "2017.10.13"]
[SourceQuality "1"]

1. b4 e5 2. Bb2 Bxb4 3. Bxe5 Nf6 4. c4 Nc6 5. Bb2 0-0 6. e3 d5 7. Nf3 Re8 8. cxd5 Nxd5 9. Be2 Be6 10. a3 Be7 11. 0-0 Bf6 12. d4 a6 13. Nbd2 Nb6 14. Qc2 Ne7 15. Ne4 Ned5 16. Nc5 Bc8 17. h3 Nd7 18. Ne4 Be7 19. Rfd1 N7f6 20. Nxf6+ Nxf6 21. Rac1 c6 22. Bc4 Bf8 23. Ng5 Be6 24. Nxe6 fxe6 25. Bd3 Qd5 26. e4 Qh5 27. Qb3 Rab8 28. f4 Kh8 29. Rf1 1/2-1/2

[Event "Hofheim Spring op-B 3rd"]
[Site "Hofheim"]
[Date "2015.04.11"]
[Round "8"]
[White "Dyga, Ryszard Adam"]
[Black "Lorenz, Hermann"]
[Result "1-0"]
[WhiteElo "1582"]
[BlackElo "1697"]
[PlyCount "73"]
[EventDate "2015.04.07"]
[EventType "swiss"]
[EventRounds "9"]
[EventCountry "GER"]
[SourceTitle "CBM 166 Extra"]
[Source "ChessBase"]
[SourceDate "2015.06.18"]
[SourceVersion "1"]
[SourceVersionDate "2015.06.18"]
[SourceQuality "1"]

1. e4 d6 2. d4 Nf6 3. Nc3 g6 4. Bg5 Bg7 5. e5 dxe5 6. dxe5 Qxd1+ 7. Rxd1 Ng4 8. Nd5 Bxe5 9. Nf3 Bd6 10. h3 c6 11. Bxe7 cxd5 12. Bxd6 Nh6 13. Bb5+ Nc6 14. 0-0 Be6 15. Rfe1 0-0-0 16. Bf4 Nf5 17. Ng5 Ng7 18. Bxc6 bxc6 19. Be5 Rdg8 20. Re3 h6 21. Nxe6 fxe6 22. Rb3 Ne8 23. Rb8+ Kd7 24. Rb7+ Kc8 25. Rxa7 Rf8 26. Ra8+ Kb7 27. Rb8+ Ka7 28. Rb3 c5 29. Ra3+ Kb6 30. Bxh8 Rxh8 31. Rf3 Nc7 32. Rdd3 c4 33. Ra3 Nb5 34. Rae3 Nd4 35. Rf6 Kc5 36. c3 Nc6 37. Rexe6 1-0

[Event "Hofheim Spring op-B 3rd"]
[Site "Hofheim"]
[Date "2015.04.11"]
[Round "9"]
[White "Engel, Jan"]
[Black "Dyga, Ryszard Adam"]
[Result "1-0"]
[WhiteElo "1670"]
[BlackElo "1582"]
[PlyCount "67"]
[EventDate "2015.04.07"]
[EventType "swiss"]
[EventRounds "9"]
[EventCountry "GER"]
[SourceTitle "EXT 2016"]
[Source "ChessBase"]
[SourceDate "2015.10.08"]
[SourceVersion "1"]
[SourceVersionDate "2015.10.08"]
[SourceQuality "1"]

1. d4 d5 2. c4 Nf6 3. Nc3 dxc4 4. e4 e5 5. Nf3 exd4 6. Nxd4 Nc6 7. Nxc6 Qxd1+ 8. Kxd1 bxc6 9. Bxc4 Bb4 10. Re1 Ng4 11. f3 Ne5 12. Bb3 Ba6 13. Be3 Rd8+ 14. Kc2 Bd3+ 15. Kc1 a5 16. Bc2 0-0 17. Rd1 Bxc2 18. Kxc2 Nc4 19. Bg1 Bd6 20. Rd4 Nb6 21. Rad1 Be7 22. Rxd8 Bxd8 23. b3 Bf6 24. Ne2 Nc8 25. Rd7 Bd8 26. Nd4 Ne7 27. Bf2 c5 28. Nb5 c6 29. Nd6 a4 30. Bxc5 axb3+ 31. Kxb3 Ba5 32. Rxe7 Rb8+ 33. Rb7 Bc7 34. Rxb8+ 1-0

[Event "Hofheim Spring op-B 3rd"]
[Site "Hofheim"]
[Date "2015.04.10"]
[Round "6"]
[White "Dyga, Ryszard Adam"]
[Black "Dittenberger, Timo"]
[Result "1-0"]
[WhiteElo "1582"]
[BlackElo "1460"]
[PlyCount "63"]
[EventDate "2015.04.07"]
[EventType "swiss"]
[EventRounds "9"]
[EventCountry "GER"]
[SourceTitle "CBM 166 Extra"]
[Source "ChessBase"]
[SourceDate "2015.06.18"]
[SourceVersion "1"]
[SourceVersionDate "2015.06.18"]
[SourceQuality "1"]

1. e4 c5 2. Nf3 Nc6 3. d4 cxd4 4. Nxd4 e5 5. Nb5 d6 6. N5c3 a6 7. Na3 Nf6 8. Bg5 Be7 9. f3 b5 10. Nab1 0-0 11. Bd3 h6 12. Bxf6 Bxf6 13. 0-0 Nd4 14. Nd5 Be6 15. Nxf6+ Qxf6 16. Nd2 Qg6 17. Kh1 f5 18. c3 Nc6 19. exf5 Bxf5 20. Bxf5 Rxf5 21. Ne4 Ne7 22. Nxd6 Rg5 23. Rf2 Rd8 24. Qb3+ Kf8 25. Ne4 Rf5 26. Rd1 Rxd1+ 27. Qxd1 Qb6 28. Rd2 Nc6 29. Rd7 Rf7 30. Qd6+ Ke8 31. Qe6+ Kf8 32. Qxf7# 1-0

[Event "Hofheim Spring op-B 3rd"]
[Site "Hofheim"]
[Date "2015.04.07"]
[Round "1"]
[White "Schellen, Sven"]
[Black "Dyga, Ryszard Adam"]
[Result "1-0"]
[WhiteElo "1800"]
[BlackElo "1582"]
[PlyCount "37"]
[EventDate "2015.04.07"]
[EventType "swiss"]
[EventRounds "9"]
[EventCountry "GER"]
[SourceTitle "CBM 166 Extra"]
[Source "ChessBase"]
[SourceDate "2015.06.18"]
[SourceVersion "1"]
[SourceVersionDate "2015.06.18"]
[SourceQuality "1"]

1. d4 d5 2. c4 dxc4 3. e3 e5 4. Bxc4 exd4 5. Nf3 Nc6 6. exd4 Bb4+ 7. Nc3 Nf6 8. d5 Bxc3+ 9. bxc3 Ne7 10. Qa4+ Bd7 11. Qb3 Nc8 12. Ba3 Nd6 13. 0-0 0-0 14. Bd3 Bc8 15. Rfe1 Re8 16. Rxe8+ Ndxe8 17. Re1 b6 18. Be7 Qxd5 19. Bxf6 1-0

[Event "Eschborn op 11th"]
[Site "Eschborn"]
[Date "2014.09.05"]
[Round "1"]
[White "Henrich, David"]
[Black "Dyga, Ryszard Adam"]
[Result "1-0"]
[WhiteElo "2039"]
[BlackElo "1362"]
[PlyCount "67"]
[EventDate "2014.09.05"]
[EventType "swiss"]
[EventRounds "5"]
[EventCountry "GER"]
[SourceTitle "EXT 2015"]
[Source "ChessBase"]
[SourceDate "2014.11.20"]
[SourceVersion "1"]
[SourceVersionDate "2014.11.20"]
[SourceQuality "1"]

1. c4 Nf6 2. g3 d5 3. cxd5 Nxd5 4. Bg2 e5 5. Nc3 Be6 6. Nf3 Nd7 7. 0-0 Be7 8. d4 Nxc3 9. bxc3 e4 10. Nd2 f5 11. f3 exf3 12. Bxf3 c6 13. e4 0-0 14. exf5 Rxf5 15. Re1 Bd5 16. Bg4 Rf6 17. c4 Bf7 18. Ne4 Rg6 19. Bf5 Bb4 20. Bxg6 Bxg6 21. Bd2 Be7 22. Bc3 Nf6 23. Nc5 b6 24. Ne6 Qd7 25. Nf4 Bf7 26. Nd3 Bh5 27. Qd2 Ba3 28. Ne5 Qc7 29. Qg2 Rc8 30. Qh3 Be8 31. Qe6+ Kh8 32. g4 Bd6 33. g5 Bxe5 34. Qxe5 1-0

[Event "Karl Mala Memorial op-B 17th"]
[Site "Frankfurt"]
[Date "2014.08.03"]
[Round "7"]
[White "Held, Maurice"]
[Black "Dyga, Ryszard Adam"]
[Result "1-0"]
[WhiteElo "1652"]
[BlackElo "1567"]
[PlyCount "65"]
[EventDate "2014.07.31"]
[EventType "swiss"]
[EventRounds "7"]
[EventCountry "GER"]
[SourceTitle "EXT 2015"]
[Source "ChessBase"]
[SourceDate "2014.11.20"]
[SourceVersion "1"]
[SourceVersionDate "2014.11.20"]
[SourceQuality "1"]

1. c4 e5 2. Nc3 Nf6 3. d3 d5 4. cxd5 Nxd5 5. Nf3 Nc6 6. g3 Bb4 7. Bd2 Nxc3 8. Bxc3 Bxc3+ 9. bxc3 0-0 10. Bg2 Rb8 11. 0-0 Be6 12. Qc2 Qd6 13. Rfd1 Bf5 14. e4 Bg4 15. Qb2 Qf6 16. Qe2 b6 17. h3 Bd7 18. d4 Rbd8 19. d5 Na5 20. Rac1 Nb7 21. c4 Nd6 22. c5 Bb5 23. Qe1 bxc5 24. Rxc5 Qe7 25. Qb4 Rb8 26. Rb1 a6 27. a4 Nxe4 28. Rxb5 Rxb5 29. axb5 Qxb4 30. Rxb4 Rb8 31. Rxe4 axb5 32. Nxe5 Rd8 33. Rb4 1-0

[Event "Karl Mala Memorial op-B 17th"]
[Site "Frankfurt"]
[Date "2014.08.01"]
[Round "3"]
[White "Schneider, Kevin"]
[Black "Dyga, Ryszard Adam"]
[Result "1/2-1/2"]
[WhiteElo "994"]
[BlackElo "1567"]
[PlyCount "155"]
[EventDate "2014.07.31"]
[EventType "swiss"]
[EventRounds "7"]
[EventCountry "GER"]
[SourceTitle "EXT 2015"]
[Source "ChessBase"]
[SourceDate "2014.11.20"]
[SourceVersion "1"]
[SourceVersionDate "2014.11.20"]
[SourceQuality "1"]

1. e4 e5 2. Nf3 Nc6 3. Bc4 Nf6 4. Nc3 Nxe4 5. Nxe4 d5 6. Bb5 dxe4 7. Nxe5 Qf6 8. Nxc6 bxc6 9. Ba4 Ba6 10. d3 Bc5 11. 0-0 Rd8 12. Qe2 0-0 13. Qxe4 Bb7 14. Qf4 Qe7 15. Be3 Bd6 16. Qc4 c5 17. Rfe1 Qe5 18. g3 Qh5 19. h4 Qf3 20. Kf1 Bd5 21. Bc6 Bxc6 22. Bxc5 Bxg3 23. Bxa7 Qg2+ 24. Ke2 Rfe8+ 25. Kd2 Bxf2 26. Rxe8+ Rxe8 27. Bxf2 Qxf2+ 28. Kc3 Re2 29. Rc1 Qf3 30. a4 Qf6+ 31. Kb3 Qd6 32. Kc3 Bd5 33. Qb4 Qc6+ 34. Kd4 Qa8 35. c4 Bc6 36. a5 Re8 37. c5 Rd8+ 38. Kc3 Rb8 39. Qa3 Bd5 40. b4 Re8 41. b5 c6 42. b6 Qa6 43. Qb4 Qb7 44. Ra1 Ra8 45. Qa4 Qe7 46. Qd4 Qb7 47. Qa4 Kf8 48. a6 Qe7 49. Qd4 Qd8 50. a7 Qc8 51. Qb4 Qb7 52. Qa4 f5 53. Qa6 Qe7 54. Qa4 Qxc5+ 55. Kd2 Qxb6 56. d4 Kf7 57. Ke3 Qc7 58. Qa6 Qe7+ 59. Kd3 Bf3 60. Kc3 Qe3+ 61. Kb4 Qd2+ 62. Kc5 Qc3+ 63. Qc4+ Qxc4+ 64. Kxc4 Ke6 65. Kc5 Kd7 66. Kb6 Kc8 67. Re1 Be4 68. h5 g6 69. hxg6 hxg6 70. Rg1 f4 71. Re1 Rxa7 72. Kxa7 Bd5 73. Rg1 Bf7 74. Kb6 Kd7 75. Kc5 Be8 76. d5 cxd5 77. Kxd5 Ke7 78. Ke4 1/2-1/2

[Event "Karl Mala Memorial op-B 17th"]
[Site "Frankfurt"]
[Date "2014.07.31"]
[Round "1"]
[White "Winter, Thomas"]
[Black "Dyga, Ryszard Adam"]
[Result "0-1"]
[WhiteElo "1131"]
[BlackElo "1567"]
[PlyCount "68"]
[EventDate "2014.07.31"]
[EventType "swiss"]
[EventRounds "7"]
[EventCountry "GER"]
[SourceTitle "EXT 2015"]
[Source "ChessBase"]
[SourceDate "2014.11.20"]
[SourceVersion "1"]
[SourceVersionDate "2014.11.20"]
[SourceQuality "1"]

1. e4 e5 2. Nf3 Nc6 3. d4 exd4 4. c3 dxc3 5. Bc4 d6 6. Qb3 Qf6 7. Nxc3 Na5 8. Qa4+ Nc6 9. Nd5 Qd8 10. 0-0 Bd7 11. Qc2 Ne5 12. Nxe5 dxe5 13. Bb3 Bd6 14. f4 c6 15. fxe5 Bxe5 16. Nc3 Nf6 17. Bg5 0-0 18. Rad1 Qc7 19. g3 Bh3 20. Rf2 Ng4 21. Rfd2 Qb6+ 22. Kh1 Ne3 23. Bxe3 Qxe3 24. Rd3 Qb6 25. Na4 Qc7 26. Qf2 b6 27. Rd7 Bxd7 28. Rf1 Bh3 29. Rc1 Rad8 30. Qe3 Rd4 31. Nc3 Qe7 32. Bd1 Rfd8 33. g4 Rd3 34. Qg1 Rd2 0-1

[Event "Hofheim Spring op-B 2nd"]
[Site "Hofheim"]
[Date "2014.04.26"]
[Round "9"]
[White "Dyga, Ryszard Adam"]
[Black "Fernandez Garcia, Alfonso Javier"]
[Result "1-0"]
[WhiteElo "1558"]
[BlackElo "1585"]
[PlyCount "89"]
[EventDate "2014.04.22"]
[EventType "swiss"]
[EventRounds "9"]
[EventCountry "GER"]
[SourceTitle "CBM 160 Extra"]
[Source "ChessBase"]
[SourceDate "2014.07.01"]
[SourceVersion "1"]
[SourceVersionDate "2014.07.01"]
[SourceQuality "1"]

1. e4 e6 2. d4 d5 3. Nc3 Bb4 4. e5 c5 5. a3 Bxc3+ 6. bxc3 c4 7. Qg4 g6 8. Bg5 Qa5 9. Qg3 Nd7 10. Ne2 f6 11. exf6 Ngxf6 12. Qd6 Kf7 13. Qb4 Qc7 14. Bf4 e5 15. Bg3 Re8 16. f3 Qc6 17. dxe5 Nxe5 18. Kf2 a5 19. Qb2 Ra6 20. Rb1 Qc5+ 21. Nd4 Nc6 22. Qb5 Qe7 23. Bf4 Nxd4 24. cxd4 Qxa3 25. Be2 Rae6 26. Be5 Qc3 27. Qb2 Qd2 28. c3 Qxb2 29. Rxb2 a4 30. Ra1 Ra6 31. Bd1 Nd7 32. f4 a3 33. Rba2 Nxe5 34. dxe5 Bf5 35. Rxa3 Rea8 36. Rxa6 Rxa6 37. Rxa6 bxa6 38. Ba4 d4 39. cxd4 Ke6 40. Bc6 c3 41. Ke1 Bc2 42. d5+ Ke7 43. d6+ Ke6 44. d7 Be4 45. d8Q 1-0

[Event "Hofheim Spring op-B 2nd"]
[Site "Hofheim"]
[Date "2014.04.25"]
[Round "7"]
[White "Dyga, Ryszard Adam"]
[Black "Hildebrand, Georg"]
[Result "1-0"]
[WhiteElo "1558"]
[BlackElo "1696"]
[PlyCount "129"]
[EventDate "2014.04.22"]
[EventType "swiss"]
[EventRounds "9"]
[EventCountry "GER"]
[SourceTitle "CBM 160 Extra"]
[Source "ChessBase"]
[SourceDate "2014.07.01"]
[SourceVersion "1"]
[SourceVersionDate "2014.07.01"]
[SourceQuality "1"]

1. e4 g6 2. d4 Bg7 3. Nf3 b6 4. Nc3 Bb7 5. Be3 Nf6 6. Bd3 0-0 7. h3 d6 8. Qd2 Nbd7 9. Bh6 e5 10. Bxg7 Kxg7 11. d5 Nc5 12. Qe2 Nh5 13. g3 Nxd3+ 14. Qxd3 a5 15. 0-0-0 h6 16. Qd2 Qd7 17. Nh4 Qe7 18. Ng2 Ba6 19. g4 Nf4 20. Nxf4 exf4 21. Qxf4 g5 22. Qe3 b5 23. Ne2 b4 24. Nd4 Kh7 25. f4 Rae8 26. Rde1 Qxe4 27. Qxe4+ Rxe4 28. Rxe4 Bc4 29. Re7 Bxd5 30. Rhe1 c5 31. Nb5 gxf4 32. Nc7 Bc6 33. Ne6 Kg8 34. Nxf4 a4 35. Rc7 Bb5 36. Nd5 Kg7 37. Nf4 Kg8 38. Nh5 Kh8 39. Ree7 Re8 40. Rxe8+ Bxe8 41. Rc8 f5 42. gxf5 Kg8 43. Nf6+ Kf7 44. Nxe8 Ke7 45. f6+ Kf7 46. h4 h5 47. b3 a3 48. Kd2 d5 49. Ke3 c4 50. Kd4 cxb3 51. cxb3 Ke6 52. Rc7 Kf5 53. Rg7 Ke6 54. Rh7 Kf5 55. Rxh5+ Kg6 56. Rxd5 Kf7 57. Re5 Kg6 58. Kc5 Kf7 59. Kxb4 Kf8 60. Nd6 Kg8 61. Re8+ Kh7 62. f7 Kg6 63. Rg8+ Kh5 64. f8Q Kxh4 65. Qh6# 1-0

[Event "Hofheim Spring op-B 2nd"]
[Site "Hofheim"]
[Date "2014.04.25"]
[Round "6"]
[White "Ziegenfuss, Larissa"]
[Black "Dyga, Ryszard Adam"]
[Result "1/2-1/2"]
[WhiteElo "1303"]
[BlackElo "1558"]
[PlyCount "72"]
[EventDate "2014.04.22"]
[EventType "swiss"]
[EventRounds "9"]
[EventCountry "GER"]
[SourceTitle "CBM 160 Extra"]
[Source "ChessBase"]
[SourceDate "2014.07.01"]
[SourceVersion "1"]
[SourceVersionDate "2014.07.01"]
[SourceQuality "1"]

1. e4 e5 2. Nc3 Nf6 3. Nf3 Nc6 4. d4 exd4 5. Nxd4 Bc5 6. Be3 Nxd4 7. Bxd4 Bxd4 8. Qxd4 d6 9. Bc4 0-0 10. 0-0 Re8 11. Rad1 Be6 12. Bxe6 fxe6 13. Rfe1 a6 14. e5 dxe5 15. Qxe5 Qe7 16. f4 Rad8 17. Rxd8 Qxd8 18. Rd1 Qe7 19. h3 c6 20. Kh2 Qf7 21. Ne4 Nd7 22. Qd6 Nf6 23. Nxf6+ gxf6 24. Qd7 Re7 25. Qd8+ Kg7 26. Qd3 f5 27. Qg3+ Qg6 28. Qc3+ Kh6 29. Rd3 Qg7 30. Qb3 e5 31. Rg3 Qf6 32. fxe5 Qxe5 33. Qb4 f4 34. Rf3 Rf7 35. Qc4 Kg7 36. Qc3 Qxc3 1/2-1/2

[Event "Karl Mala Memorial op-B 16th"]
[Site "Frankfurt"]
[Date "2013.07.13"]
[Round "4"]
[White "Woehl, Jessica"]
[Black "Dyga, Ryszard Adam"]
[Result "1-0"]
[WhiteElo "1120"]
[BlackElo "1579"]
[PlyCount "153"]
[EventDate "2013.07.11"]
[EventType "swiss"]
[EventRounds "7"]
[EventCountry "GER"]
[SourceTitle "CBM 155 Extra"]
[Source "ChessBase"]
[SourceDate "2013.08.26"]
[SourceVersion "1"]
[SourceVersionDate "2013.08.26"]
[SourceQuality "1"]

1. e4 e5 2. Nf3 Nc6 3. Bb5 Nf6 4. Nc3 Bc5 5. Bxc6 dxc6 6. Nxe5 Qd4 7. Nd3 Bb6 8. Qf3 0-0 9. 0-0 Be6 10. Qg3 Nxe4 11. Nxe4 Qxe4 12. Re1 Qf5 13. Nf4 Rae8 14. d3 Bd7 15. Bd2 Bd4 16. Nh3 Be5 17. Bf4 Bxb2 18. Rab1 Rxe1+ 19. Rxe1 Bc3 20. Re2 Qg4 21. Qxg4 Bxg4 22. Re7 Bb4 23. Rxc7 Re8 24. Be3 Bc8 25. Ng5 Rf8 26. Nxf7 Ba5 27. Rxc8 Rxc8 28. Nd6 Rc7 29. Bxa7 Rd7 30. Nc8 b5 31. Bc5 Bd8 32. Nd6 Re7 33. Ne4 Re8 34. Kf1 Bc7 35. h3 Be5 36. c3 g6 37. d4 Bg7 38. f3 Ra8 39. a3 Bf8 40. Bb4 Kg7 41. Ng5 Bxb4 42. axb4 Ra1+ 43. Kf2 Ra2+ 44. Kg3 Rc2 45. Ne4 h6 46. h4 Kf7 47. Kh3 Ke6 48. g4 Rc1 49. Kg3 Rg1+ 50. Kf4 Rg2 51. Nc5+ Kd5 52. Ne4 Ra2 53. h5 gxh5 54. gxh5 Ke6 55. Nc5+ Ke7 56. Kf5 Rg2 57. f4 Kf7 58. Nd7 Rc2 59. Ne5+ Kg7 60. Nxc6 Rxc3 61. d5 Rc4 62. Ke5 Kf7 63. f5 Rc1 64. Nd4 Re1+ 65. Kd6 Re7 66. Nxb5 Re4 67. Kc5 Kf6 68. Nd4 Ke5 69. Nb5 Rh4 70. d6 Kf6 71. Na7 Rxh5 72. Nc8 Rxf5+ 73. Kc6 Ke6 74. b5 Rf8 75. Kc7 Rxc8+ 76. Kxc8 Kxd6 77. b6 1-0

[Event "Karl Mala Memorial op-B 16th"]
[Site "Frankfurt"]
[Date "2013.07.12"]
[Round "2"]
[White "Jess, Geralf"]
[Black "Dyga, Ryszard Adam"]
[Result "1-0"]
[WhiteElo "1758"]
[BlackElo "1579"]
[PlyCount "147"]
[EventDate "2013.07.11"]
[EventType "swiss"]
[EventRounds "7"]
[EventCountry "GER"]
[SourceTitle "CBM 155 Extra"]
[Source "ChessBase"]
[SourceDate "2013.08.26"]
[SourceVersion "1"]
[SourceVersionDate "2013.08.26"]
[SourceQuality "1"]

1. e4 e5 2. Nf3 Nc6 3. Bc4 Nf6 4. Ng5 d5 5. exd5 Na5 6. Bb5+ c6 7. dxc6 bxc6 8. Be2 h6 9. Nf3 Bd6 10. d3 0-0 11. Nc3 Nd5 12. Bd2 Rb8 13. Rb1 Nb7 14. 0-0 Be6 15. d4 Nxc3 16. Bxc3 e4 17. Ne5 Bd5 18. Nc4 Bc7 19. Ne3 Be6 20. Bg4 f5 21. Bh3 Qg5 22. g3 Nd6 23. Bd2 Qg6 24. b3 Nb5 25. c3 Ba5 26. c4 Nc3 27. Bxc3 Bxc3 28. Rc1 Bb4 29. f4 Qf7 30. Qe2 Rbd8 31. Rfd1 Ba5 32. d5 cxd5 33. cxd5 Bc8 34. Kh1 Qe7 35. Nc4 Bc7 36. Rd4 Ba6 37. Qd2 Bxc4 38. bxc4 Qc5 39. Rd1 Ba5 40. Qe3 Bb6 41. Qb3 g6 42. R4d2 Qd6 43. Qc3 Rc8 44. Bf1 Bc5 45. Qe5 Rfe8 46. Qxd6 Bxd6 47. Be2 Rb8 48. Rc2 Rec8 49. Rdd2 Kf7 50. Rb2 Kf6 51. Rb3 a5 52. Rdb2 g5 53. Rb6 Ke7 54. fxg5 hxg5 55. Kg2 Rxb6 56. Rxb6 Rb8 57. Rxb8 Bxb8 58. Kf1 Kd6 59. Ke1 Ke5 60. h4 gxh4 61. gxh4 f4 62. h5 Bd6 63. Bg4 Kf6 64. Be6 Kg5 65. Bf7 Kg4 66. h6 Bc5 67. h7 Bd4 68. c5 Kg3 69. Kf1 Kf3 70. c6 e3 71. Bh5+ Kg3 72. Ke2 Kh4 73. Bf3 Be5 74. c7 1-0

[Event "Hofheim Spring op-B 1st"]
[Site "Hofheim"]
[Date "2013.04.06"]
[Round "7"]
[White "Minko, Dmitry"]
[Black "Dyga, Ryszard Adam"]
[Result "1-0"]
[WhiteElo "1651"]
[BlackElo "1576"]
[PlyCount "83"]
[EventDate "2013.04.02"]
[EventType "swiss"]
[EventRounds "9"]
[EventCountry "GER"]
[SourceTitle "EXT 2018"]
[Source "ChessBase"]
[SourceDate "2017.10.13"]
[SourceVersion "1"]
[SourceVersionDate "2017.10.13"]
[SourceQuality "1"]

1. e4 e5 2. Nf3 Nc6 3. Nc3 Nf6 4. d4 exd4 5. Nxd4 Bb4 6. Nxc6 Bxc3+ 7. bxc3 bxc6 8. Bd3 0-0 9. 0-0 d6 10. Bg5 Qe7 11. h3 Qe5 12. Bxf6 Qxf6 13. Qd2 d5 14. Rfe1 dxe4 15. Rxe4 Bb7 16. Rb1 Rab8 17. Reb4 Rbd8 18. Rxb7 c5 19. Rxc7 Qd6 20. Rc8 g6 21. Rxd8 Rxd8 22. Qe3 Qc7 23. Bc4 Kf8 24. Qf3 Qe7 25. Kf1 Kg7 26. Rb7 Rd1+ 27. Qxd1 Qxb7 28. Bb3 Qb5+ 29. Qd3 Qe8 30. Qc4 Qe7 31. Qxf7+ Qxf7 32. Bxf7 Kxf7 33. Ke2 Kf6 34. Kd3 Ke5 35. Kc4 Kd6 36. f4 h6 37. g4 Kc6 38. h4 Kd6 39. f5 gxf5 40. gxf5 Ke5 41. Kxc5 Kxf5 42. Kd6 1-0